|
|
|
|
| LEADER |
00872nam a2200205 i 4500 |
| 001 |
c000242002 |
| 003 |
CARM |
| 005 |
00000000000000.0 |
| 008 |
840307s1914 enk 0 eng d |
| 019 |
1 |
|
|a 2546079
|5 LACONCORD2021
|
| 035 |
|
|
|a (OCoLC)18423083
|5 LACONCORD2021
|
| 082 |
0 |
4 |
|a 361.740942
|
| 100 |
1 |
|
|a Mendhurst, Charles Edward.
|
| 245 |
1 |
0 |
|a Life and work of Lady Elizabeth Hastings :
|b the great Yorkshire benefactress of the XVIIIth century /
|c by the Reverend Charles Edward Medhurst.
|
| 260 |
|
|
|a Leeds :
|b R. Jackson,
|c 1914.
|
| 300 |
|
|
|a 292p., 11 leaves of plates :
|b ill.
|
| 600 |
1 |
0 |
|a Hastings, Elizabeth,
|c Lady,
|d 1682-1739.
|
| 852 |
8 |
|
|b CARM
|h A1:AP02A0
|i B07223
|p 0361823
|f BK
|
| 999 |
f |
f |
|i 844070a4-c343-5328-a98c-3142d6b69947
|s e77ea2d6-507c-5d57-b252-84d63cd4525f
|
| 952 |
f |
f |
|p Can circulate
|a CAVAL
|b CAVAL
|c CAVAL
|d CARM 1 Store
|e B07223
|f A1:AP02A0
|h Other scheme
|i book
|m 0361823
|